Formato MARC21
Registro MARC21
Ilusiones que no Vuelven=001 M000113
=003 BDML
=005 19042026024710
=008 030326||||||||||||||||||||||||||||||||||
=031 ##$a1$b1$c1$gG-2$mPiano$o3/4$p''8CDC'B''C/ECDC'B''C/ECDC'B''C/$2pe
=040 ##$aBDML$bspa$cBDML
=092 ##$aBDML$bBDML$cEC$dMs$0M000113
=100 1#$aBustamante Palacios, José María$d1908-1987$jCertificada
=245 10$aIlusiones que no Vuelven$h[música manuscrita]
=300 ##$a3 folios$c36 x 27 cm.
=340 ##$dManuscrito
=348 ##$aPartitura
=382 ##$apiano
=384 0#$aDo mayor
=500 ##$aDatos obtenidos del encabezado de la música.
=520 ##$aEn la mitad del primer folio se lee el siguiente texto: "Música de José M. Bustamante P.".
=545 0#$aJosé María Bustamante Palacios nació en Macará en 1908 y falleció en Quito en 1986. Estudió teoría, solfeo e instrumentación. Desarrolló una intensa actividad como director de bandas civiles y militares en el sur del Ecuador, conduciendo agrupaciones en varias ciudades y obteniendo reconocimientos en concursos nacionales. Fue director de la escuela de música de la Universidad Nacional de Loja. Fue un músico versátil, ejecutante de diversos instrumentos de viento y cuerda, y un compositor prolífico cuyo catálogo abarca pasillos, marchas, himnos, piezas religiosas y música pedagógica, consolidándose como figura relevante del patrimonio musical ecuatoriano del siglo XX.$uhttps://dspace.unl.edu.ec/server/api/core/bitstreams/9af0b402-b3c2-47d6-862e-ea7bc0124dd5/content
=650 04$aValse$ySiglo XX$zEcuador, Loja
=773 1#$aBustamante Palacios, José María (1908-1987)$tIlusiones que no Vuelven$wM000011
=852 ##$aMuseo de la Música Salvador Zaragocín Tapia$hAnexo 2